La imagen y la risa: las pathosformeln de lo cómico en el grabado europeo de la modernidad temprana

Guardat en:
Dades bibliogràfiques
Autor principal: Burucúa, José Emilio (Autor)
Format: Llibre
Idioma:espanyol
Publicat: Periférica 2007
Edició:1a. ed
Col·lecció:Colección Pequeños Tratados, 1
Matèries:
Etiquetes: Afegir etiqueta
Sense etiquetes, Sigues el primer a etiquetar aquest registre!

MARC

LEADER 00000cam a2200000 a 4500
001 UCF9684
003 CL-VaPUC
008 131206e20070100sp |||||||||||||||||spa|d
020 |a 849347469X 
082 0 4 |a 709.04  |b BUR  |2 21 
100 0 |a Burucúa, José Emilio  |e author  |9 454828 
245 1 3 |a La imagen y la risa: las pathosformeln de lo cómico en el grabado europeo de la modernidad temprana 
250 |a 1a. ed 
300 |a 139 p 
942 |c BK 
945 |d 20131206 11:14:00  |a dcastane 
260 |b Periférica  |c 2007 
650 0 |a Arte moderno  |9 265333 
650 7 |a RISA  |2 CL-VaPUC  |9 334753 
650 0 |a Arte figurativo   |9 550558 
583 |a last modification  |c 20131206 11:14:00  |k Rodrigo Vera 
490 0 |a Colección Pequeños Tratados, 1 
999 |c 354099  |d 354097 
952 |0 0  |1 0  |3 erb  |4 0  |6 709_040000000000000_BUR_2007  |7 0  |8 A  |9 459752  |a BIBART  |b BIBART  |i 5029287  |l 1  |o 709.04 BUR 2007  |p 5029287  |r 2025-03-13  |s 2022-11-10  |w 2019-11-23  |y BK  |z Catalogado en:20131206  |k ART